Experiencia de la marginalidad de las mujeres trabajadoras sexuales activas o no, de la zona roja de Puerto Limón: un estudio de casos construido a partir de sus historias de vida /
Kaydedildi:
| Yazar: | |
|---|---|
| Diğer Yazarlar: | |
| Materyal Türü: | Kitap |
| Dil: | Spanish |
| Baskı/Yayın Bilgisi: |
San José, Costa Rica:
INIE,
2012
|
| Konular: | |
| Etiketler: |
Etiketle
Etiket eklenmemiş, İlk siz ekleyin!
|
MARC
| LEADER | 00000nam a2200000Ia 4500 | ||
|---|---|---|---|
| 008 | 160517b2012 cr ||||| |||| 00| | spa d | ||
| 090 | |a 05.03.03 |b 155 | ||
| 100 | 1 | |9 759 |a García Fallas, Jacqueline | |
| 245 | 1 | 0 | |a Experiencia de la marginalidad de las mujeres trabajadoras sexuales activas o no, de la zona roja de Puerto Limón: un estudio de casos construido a partir de sus historias de vida / |c Jacqueline García Fallas; Evelyn Cajina, Asistente |
| 260 | |a San José, Costa Rica: |b INIE, |c 2012 | ||
| 300 | |a 91 páginas | ||
| 500 | |a Informe final proyecto de investigación N°724-A8-312 | ||
| 650 | 1 | 4 | |a MARGINALIDAD |9 1773 |
| 650 | 1 | 4 | |a TRABAJADORAS |9 1774 |
| 650 | 1 | 4 | |a PROSTITUCIÓN |9 54 |
| 650 | 1 | 4 | |a ESTUDIOS DE CASOS |9 339 |
| 651 | 4 | |9 1776 |a ZONA ROJA (LIMÓN, COSTA RICA) | |
| 700 | 1 | |9 1742 |a Cajina Alemán, Evelyn |e Asistente | |
| 942 | |i 00202 |h 05.03.03 155 |2 z |c 04 | ||
| 999 | |c 1341 |d 1341 | ||
